Inspiración, equilibrio, motivación y arte (Técnica Dental) (Registro nro. 12062)
[ vista simple ]
| 000 -LEADER | |
|---|---|
| fixed length control field | 00415ngm a22001577a 4500 |
| 005 - DATE AND TIME OF LATEST TRANSACTION | |
| control field | 20220617094439.0 |
| 008 - FIXED-LENGTH DATA ELEMENTS--GENERAL INFORMATION | |
| fixed length control field | 160208b xxu||||| |||| 00| 0 spa d |
| 041 ## - LANGUAGE CODE | |
| Language code of text/sound track or separate title | spa |
| 082 ## - CLASIFICACIÓN | |
| Clasificación | 421 DVD |
| 100 ## - AUTOR | |
| Autor | Zubak, Robert |
| 245 ## - TÍTULO | |
| Title | Inspiración, equilibrio, motivación y arte (Técnica Dental) |
| 300 ## - PHYSICAL DESCRIPTION | |
| Number of Pages | 1 CD-ROM |
| 650 ## - SUBJECT ADDED ENTRY--TOPICAL TERM | |
| Topical Term | CARA PALATINA |
| 650 ## - SUBJECT ADDED ENTRY--TOPICAL TERM | |
| Topical Term | CARA OCLUSAL |
| 942 ## - ADDED ENTRY ELEMENTS (KOHA) | |
| Koha item type | DVD |
| Withdrawn status | Lost status | Damaged status | Not for loan | Home library | Current library | Date acquired | Total Checkouts | Full call number | Accession Number | Date last seen | Price effective from | Koha item type |
|---|---|---|---|---|---|---|---|---|---|---|---|---|
| Departamento de Biblioteca y Documentación Alfonso Chase Brenes | Departamento de Biblioteca y Documentación Alfonso Chase Brenes | 11/06/2019 | 421 DVD | 421DVD | 11/06/2019 | 11/06/2019 | DVD |